Statistics for Svenska filmer med flest röster på IMDb

Click here to take the quiz!

General Stats

  • This quiz has been taken 21 times
  • The average score is 3 of 10

Answer Stats

#Film% Correct
8Fanny och Alexander
65%
3Det sjunde inseglet
50%
10Fucking Åmål
35%
4Persona
35%
5Smultronstället
35%
2Låt den rätte komma in
10%
1Män som hatar kvinnor
10%
6Flickan som lekte med elden
5%
7Luftslottet som sprängdes
5%
9The square
5%

Score Distribution

Percentile by Number Answered

Percent of People with Each Score

Your Score History

You have not taken this quiz